Skip to content
Your Account
Log Out
Login
Language
English
Deutsch
Español
Français
Italiano
日本語
Nederlands
Português
Português (Brasil)
中文(简体)
中文(繁體)
Türkçe
עברית
Gaeilge
Cymraeg
Ελληνικά
Català
Euskara
Русский
Čeština
Suomi
Svenska
polski
Dansk
slovenščina
اللغة العربية
বাংলা
Galego
Tiếng Việt
Hrvatski
हिंदी
All Fields
Title
Author
Subject
Call Number
ISBN/ISSN
Tag
Find
Advanced
昭和48年経済の回顧と課題:石油危機下の日本経済...
Staff View
Cite this
Email this
Print
Export Record
Export to RefWorks
Export to EndNoteWeb
Export to EndNote
Export to MARC
Export to MARCXML
Export to RDF
Export to BibTeX
Export to RIS
Save to List
昭和48年経済の回顧と課題:石油危機下の日本経済
Saved in:
Bibliographic Details
Corporate Author:
経済企画庁調査局
Format:
Book
Language:
Undetermined
Published:
東京
大蔵省印刺局
1974
Subjects:
Economic
Tags:
Add Tag
No Tags, Be the first to tag this record!
Institutions:
Trung tâm Học liệu Trường Đại học Cần Thơ
Holdings
Description
Comments
Similar Items
Staff View
LEADER
00524nam a2200181Ia 4500
001
CTU_80696
008
210402s9999 xx 000 0 und d
082
|a
330.9
082
|b
K27
110
|a
経済企画庁調査局
245
0
|a
昭和48年経済の回顧と課題:石油危機下の日本経済
245
0
|c
経済企画庁調査局
260
|a
東京
260
|b
大蔵省印刺局
260
|c
1974
650
|a
Economic
904
|i
Ngoc,Hải
980
|a
Trung tâm Học liệu Trường Đại học Cần Thơ
Similar Items
日本経済の新課題
by: 三宅武雄
Published: (1972)
日本経済と雇用の将来:昭和60年を展望する
by: 関口末夫
Published: (1978)
技術革新下の日本経済 :
by: 向坊隆(むかいぼう たかし)
Published: (1966)
昭和51年:労働経済の分析
Published: (1977)
日本経済の体質と構造
by: 飯田経夫(いいだ つねお)
Published: (1972)
Loading...